Arnold Strongman Classic Podium Finishers - Statistics

General Stats
  • This quiz has been taken 211 times
    22 since last reset
  • The average score is 7 of 25
Answer Stats
Hint Answer % Correct
Mitchell Hooper
88%
1st Brian Shaw
81%
2nd Hafthor Julius Bjornsson
75%
Zydrunas Savickas
69%
Mateusz Kieliszkowski
50%
Tom Stoltman
50%
Vytautas Lalas
44%
Bobby Thompson
38%
Lucas Hatton
38%
Martins Licis
38%
Oleksii Novikov
31%
3rd Jerry Pritchett
25%
Mark Henry
25%
Derek Poundstone
19%
Mike Burke
19%
Mikhail Koklyaev
19%
Phil Pfister
19%
Mikhail Shivlyakov
6%
Vasyl Virastyuk
6%
Andrus Murumets
0%
Glenn Ross
0%
Mike Jenkins
0%
Raimonds Bergmanis
0%
Svend Karlsen
0%
Travis Ortmayer
0%
No matching quizzes found
Score Distribution
Percent of People with Each Score
Percentile by Number Answered
Your Score History
You have not taken this quiz since the last reset